| 000 | 00589nam a2200241 a 4500 | ||
|---|---|---|---|
| 001 | nice12345678 | ||
| 003 | IN_TiNIC | ||
| 005 | 20260116011610.0 | ||
| 008 | 050524s1932 lona grp 000 0 eng | ||
| 020 |
_a _c0 |
||
| 082 | 0 | 0 |
_a704.94897 _bARN |
| 100 | _aArnold, Thomas W | ||
| 245 | _aOld and New Testaments in Muslim Religious Art. | ||
| 260 |
_aLondon _bHumphery Milford _c1932 |
||
| 300 | _a47p | ||
| 500 | _aincludes index and biblioraphy | ||
| 505 | 2 | _aIll. | |
| 650 | _aArt-Islamic | ||
| 700 | 1 | _aArnold, Thomas W | |
| 902 | _bSRS | ||
| 942 | _cBK | ||
| 999 |
_c2818 _d2818 |
||